| 000 | 00725nam a2200193 a 4500 | ||
|---|---|---|---|
| 005 | 20210223122904.0 | ||
| 008 | 991125s1977 ea 000 0 spa u | ||
| 035 | _aUPN01000043482 | ||
| 049 | _aCG | ||
| 050 | 4 |
_aHX277 _bB4.68 |
|
| 100 | 1 | _aBerthold, Lothar | |
| 245 | 1 | 3 |
_aEl papel de las masas populares en el desarrollo de la sociedad socialista en la RDA : _bexperiencias, resultados, perspectivas / _cLothar Berthold. |
| 260 |
_aDresden, R.D.A. : _bPanorama DDR, _c1977. |
||
| 300 |
_a79 p. : _bretrs. |
||
| 650 | 4 |
_aCOMUNISMO - _zALEMANIA (REPUBLICA DEMOCRATICA, 1949-1990) _910258 |
|
| 650 | 4 |
_aDERECHO CIVIL - _zALEMANIA (REPUBLICA DEMOCRATICA, 1949-1990) _913269 |
|
| 650 | 4 | _aSOCIALISMO EN ALEMANIA | |
| 905 | _aLibro | ||
| 999 |
_c43482 _d43482 |
||